Normal view MARC view
  • TURBULENT COMBUSTION DETONATIONS AND SHOCK INDUCED COMBUSTION SCRAMJET COMBUSTION COMBUSTION CONTROL COMBUSTION INSTABILITY COMBUSTION OF SOLID PROPELLANTS COMBUSTION OF LIQUID FUELS COMBUSTION OF ENGINES GAS TURBINE AND FURANCE COMBUSTION CATALYTIC COMBUSTION MATERIAL SYNTHESIS ELEMENTARY REACTION KINETICS KINETICS MECHANISMS LAMINAR PREMIXED FLAMES LAMINAR DIFFUSION FLAMES COMBUSTION OF SOLID FUELS FIRE IGNITION AND FLAME SPREAD

Entry Topical Term

Number of records used in: 1

001 - CONTROL NUMBER

  • control field: 56518

003 - CONTROL NUMBER IDENTIFIER

  • control field: NUST

005 - DATE AND TIME OF LATEST TRANSACTION

  • control field: 20210628201722.0

008 - FIXED-LENGTH DATA ELEMENTS

  • fixed length control field: 210628|| aca||aabn | a|a d

040 ## - CATALOGING SOURCE

  • Original cataloging agency: NUST
  • Transcribing agency: NUST

150 ## - HEADING--TOPICAL TERM

  • Topical term or geographic name entry element: TURBULENT COMBUSTION DETONATIONS AND SHOCK INDUCED COMBUSTION SCRAMJET COMBUSTION COMBUSTION CONTROL COMBUSTION INSTABILITY COMBUSTION OF SOLID PROPELLANTS COMBUSTION OF LIQUID FUELS COMBUSTION OF ENGINES GAS TURBINE AND FURANCE COMBUSTION CATALYTIC COMBUSTION MATERIAL SYNTHESIS ELEMENTARY REACTION KINETICS KINETICS MECHANISMS LAMINAR PREMIXED FLAMES LAMINAR DIFFUSION FLAMES COMBUSTION OF SOLID FUELS FIRE IGNITION AND FLAME SPREAD

670 ## - SOURCE DATA FOUND

  • Source citation: Work cat.: (NUST): Combustion Institute 56517, Proceeding of the combustion institute vol 28 part-2, 2000
© 2023 Central Library, National University of Sciences and Technology. All Rights Reserved.